Harry Potter Dedications Quiz Stats

 Plays Quiz not verified by Sporcle

Score 0/115 Timer 10:00
0 Plays Today
Answer % Correct
Harry
77.8%
Harry
77.8%
F.
69.4%
To
69.4%
to
69.4%
To
69.4%
To
69.4%
To
69.4%
To
69.4%
To
69.4%
To
69.4%
To
69.4%
To
69.4%
to
69.4%
I
66.7%
with
66.7%
and
63.9%
and
63.9%
and
63.9%
the
63.9%
and
63.9%
and
63.9%
and-
63.9%
The
63.9%
And
63.9%
the
63.9%
this
61.1%
this
61.1%
You
61.1%
you
61.1%
For
58.3%
for
58.3%
for
58.3%
For
58.3%
For
58.3%
my
58.3%
My
58.3%
Jessica,
55.6%
Jessica
55.6%
Answer % Correct
Jessica
55.6%
P.
52.8%
book
52.8%
have
52.8%
stuck
52.8%
very
52.8%
end.
52.8%
of
50%
of
50%
of
50%
of
50%
until
50%
who
47.2%
who
47.2%
who
47.2%
who
47.2%
who
47.2%
is
47.2%
Di,
44.4%
one
44.4%
in
44.4%
her
44.4%
Di
44.4%
If
44.4%
heard
41.7%
first.
41.7%
dedicate
41.7%
loves
38.9%
stories,
38.9%
daughter,
38.9%
loved
36.1%
David,
36.1%
Mackenzie,
36.1%
David
36.1%
Anne,
33.3%
them
33.3%
too,
33.3%
dedication
33.3%
Anne
33.3%
Answer % Correct
Neil,
30.6%
ink-
30.6%
paper
30.6%
twin
30.6%
split
30.6%
seven
30.6%
ways.
30.6%
Neil
30.6%
friend
27.8%
out
27.8%
his
27.8%
make
27.8%
world
27.8%
beautiful
27.8%
Sean
25%
cupboard
25%
magical
25%
Kenzie
25%
getaway
22.2%
weather
22.2%
helped
22.2%
Harris,
19.4%
driver
19.4%
Jill
19.4%
Swing
19.4%
memory
19.4%
Susan
19.4%
foul-
19.4%
Prewett
16.7%
Godmothers
16.7%
Mr
16.7%
Aine
13.9%
Kiely,
13.9%
Peter
13.9%
Rowling,
13.9%
Sladden,
13.9%
Ridley
11.1%

You're not logged in!

Compare scores with friends on all Sporcle quizzes.
OR
Log In

Sporcle TV

Today on Sporcle TV


Watch our educational content, quiz creation guides, and fun videos on Sporcle TV.

Show Comments

Extras

Top Quizzes Today


Score Distribution

Your Account Isn't Verified!

In order to create a playlist on Sporcle, you need to verify the email address you used during registration. Go to your Sporcle Settings to finish the process.

Report this User

Report this user for behavior that violates our Community Guidelines.

Details: